[Event "XIX Sant Marti Open 2017"]
[Site "Barcelona"]
[Date "2017.07.16"]
[Round "4"]
[White "Grigoryan, Karen H"]
[Black "Gutierrez Olivares, Daniel"]
[Result "1-0"]
[WhiteElo "2555"]
[BlackElo "2352"]
[Annotator "TA"]
[PlyCount "61"]
[EventDate "2017.??.??"]
[EventType "swiss"]
[EventCountry "ESP"]
[SourceTitle "playchess.com"]
[Source "ChessBase"]
[SourceQuality "1"]

{[%evp 23,61,71,76,36,34,-13,0,0,0,-8,10,9,17,15,479,479,490,470,491,479,548,491,525,518,535,533,491,472,525,537,517,526,578,553,736,711,852,845,1266,1243]} 1. g3 Nf6 2. Bg2 e6 3. Nf3 d5 4. O-O Be7 5. c4 O-O 6. d4 dxc4 7. Qc2 a6 8. a4 Nc6 9. Qxc4 a5 {E05: Open Catalan: 5 Nf3 Be7} (9... Qd5 10. Nbd2 Rd8 11. e3 Qh5 12. Ne1 e5 13. dxe5 Ng4 14. Ndf3 Be6 15. Qc2 Bf5 16. Qb3 Be4 17. h3 Ngxe5 18. g4 Qg6 19. a5 {1-0 (35) Mareco,S (2606)-Zhigalko,A (2591) Baku 2016}) 10. Nc3 Nb4 11. Rd1 b6 12. Ne5 Ba6 {LiveBook: 3 Games} 13. Qb3 Rc8 14. e4 c5 $146 ({Predecessor:} 14... c6 15. Bf4 Nh5 16. Be3 {1-0 (45) Grinev,V (2403)-Pedersen,H (2159) Cappelle la Grande 2016}) 15. dxc5 {[%cal Bd4c5,Bc5b6,Bb6b7][%mdl 32]} Qc7 16. Bf4 {[#] And now Nd3 would win.} g5 17. cxb6 Qc5 18. b7 $1 {[%cal Rb7c8]} ({Inferior is} 18. Bxg5 Qxe5 19. Bh6 Bc5 $19) 18... Rc7 $2 {[%mdl 8192] [#]} (18... Bxb7 $11 {and Black is okay.} 19. Nd7 Nxd7 20. Rxd7 gxf4 21. Rxb7 fxg3 22. hxg3 Rfd8) 19. Be3 $1 $18 {[%cal Re3c5] White is clearly winning.} ({And not} 19. Bxg5 Qxe5 20. Bf4 Qc5 $11) 19... Qxe5 20. Bd4 Qxd4 21. Rxd4 e5 22. Rd2 Rxb7 23. Bf1 Nc6 24. Qd1 Bxf1 25. Kxf1 ({Less strong is} 25. Qxf1 Nd4 $18) 25... Nd4 26. Rxd4 exd4 27. Qxd4 Rd8 28. Qe5 Ng4 29. Qf5 Nh6 30. Qxa5 Rxb2 31. Nd5 {Precision: White = 81%, Black = 43%.} 1-0

[Event "XIX Sant Marti Open 2017"]
[Site "Barcelona"]
[Date "2017.07.16"]
[Round "4"]
[White "Asis Gargatagli, Hipolito"]
[Black "Larsson, Anders"]
[Result "1/2-1/2"]
[WhiteElo "2505"]
[BlackElo "2276"]
[Annotator "TA"]
[PlyCount "90"]
[EventDate "2017.??.??"]
[EventType "swiss"]
[EventCountry "ESP"]
[SourceTitle "playchess.com"]
[Source "ChessBase"]
[SourceQuality "1"]

{[%evp 20,90,56,60,58,67,105,83,101,99,113,102,127,128,128,127,141,114,110,116,125,122,118,127,114,87,107,108,101,37,43,44,44,43,63,38,109,65,117,45,41,52,136,0,18,19,20,15,10,12,24,0,8,0,17,0,0,-237,-236,-231,-227,-325,-311,-365,-340,-381,-320,-283,0,-374,-366,-356,-355]} 1. e4 e5 2. Nf3 Nc6 3. d4 exd4 4. Nxd4 Nf6 5. Nxc6 bxc6 6. e5 Qe7 7. Qe2 Nd5 8. c4 Ba6 9. Nd2 Nb6 10. b3 {C45: Scotch Game} Qe6 (10... g6 11. Ne4 Bg7 12. Nf6+ Bxf6 13. exf6 Qxe2+ 14. Bxe2 c5 15. O-O O-O-O 16. Bg4 h5 17. Bh3 Kb8 {½-½ (30) Fier,A (2572)-Rodshtein,M (2664) Germany 2014}) 11. Bb2 {LiveBook: 6 Games} Be7 12. O-O-O {White is slightly better.} Bb7 $146 ({Predecessor:} 12... O-O-O 13. f4 g5 14. Qf2 gxf4 15. c5 Bxf1 16. cxb6 Ba6 17. bxc7 Kxc7 18. Qxa7+ {½-½ (26) Tomasek,M (2245)-Vechet,S (2255) Czechia 2005}) 13. f4 c5 14. Qf2 O-O-O 15. Bd3 {[%cal Bf1d3,Bd3c2,Bc2e4][%mdl 32]} Qh6 16. Ne4 Kb8 17. Rhe1 Rhe8 18. g3 d6 19. exd6 cxd6 20. Bc2 Bxe4 21. Bxe4 {[#] Threatens to win with Bc6.} Bf6 22. Bh1 Kc7 23. Qg2 {[%csl Gh1][%cal Rg2b7]} Bxb2+ 24. Kxb2 (24. Qxb2 $16 {Strongly threatening Qa3.} Qf6 25. Qxf6 gxf6 26. Bf3) 24... Qf6+ 25. Kc2 {[%csl Gh1][%cal Rg2b7]} (25. Re5 $5 d5 26. Qg1 $16) 25... d5 $1 26. cxd5 Kd6 27. Qd2 Rxe1 (27... Qg6+ $14 28. Kb2 Qf6+ 29. Kc2 Qd4 30. Qxd4 cxd4) 28. Qxe1 Rd7 29. Qa5 ({White should play} 29. Qe8 $16) 29... Qf5+ 30. Kc1 Qf6 (30... Re7 $1 $14) 31. Kc2 ({White should try} 31. Be4 $16) 31... Qf5+ $11 32. Kb2 {White wants to play Qb5.} Qf6+ 33. Ka3 {next Bg2 is good for White.} Rb7 34. Qb5 {White wants to mate with Qc6+.} Rc7 35. Qa5 Rb7 {( -> ...Nc4+!)} 36. Qb5 {Intending Qc6+ and mate.} Rc7 37. Qe2 Qc3 38. Re1 $2 {[#]} (38. Qd3 $11 {and White is okay.} Qa5+ 39. Kb2) 38... Nc4+ $1 $19 {[%mdl 512]} 39. Qxc4 Qxe1 {[%mdl 4096] Endgame KQR-KQB} 40. Qa6+ (40. Be4 {was the only defense.} Rb7 41. Kb2) 40... Kd7 41. Bf3 Qb4+ 42. Kb2 Qd2+ 43. Ka3 Qb4+ 44. Kb2 {intending Bg4+.} c4 {...cxb3 is the strong threat.} 45. Bg4+ Ke7 {[%mdl 32768] Precision: White = 43%, Black = 56%. . An unexpected result.} 1/2-1/2

[Event "XIX Sant Marti Open 2017"]
[Site "Barcelona"]
[Date "2017.07.16"]
[Round "4"]
[White "Cuartas, Jaime Alexander"]
[Black "Smirnov, Artem"]
[Result "1-0"]
[WhiteElo "2501"]
[BlackElo "2401"]
[Annotator "TA"]
[PlyCount "127"]
[EventDate "2017.??.??"]
[EventType "swiss"]
[EventCountry "ESP"]
[SourceTitle "playchess.com"]
[Source "ChessBase"]
[SourceQuality "1"]

{[%evp 12,127,13,2,279,289,360,382,379,364,403,332,340,325,431,284,274,285,287,284,289,0,237,197,207,201,205,208,223,224,235,203,262,264,249,252,247,238,285,272,278,262,286,216,352,335,351,364,348,352,373,231,231,232,252,248,248,241,273,234,235,244,236,197,195,201,250,202,240,181,221,196,255,254,386,0,205,0,389,389,394,394,387,386,386,368,555,542,538,543,529,501,547,545,694,695,741,720,654,619,666,662,633,614,697,697,696,696,694,694,681,677,686,681,680,656,670,656]} 1. e4 c5 2. Nf3 d6 3. Bb5+ Nd7 4. d4 cxd4 5. Qxd4 e5 6. Qd3 a6 {B51: Sicilian: Moscow Variation (3 Bb5+) without 3...Bd7} (6... h6 7. Nc3 Ngf6 8. Be3 Be7 9. O-O O-O 10. Bc4 a6 11. a4 Qc7 12. Nh4 Nc5 13. Bxc5 Qxc5 14. Ng6 Re8 15. Nxe7+ Rxe7 16. Rfd1 Be6 17. Bxe6 Rxe6 18. Ra3 {1-0 (60) Demchenko,A (2629)-Theodorou,N (2495) Minsk 2017}) 7. Bc4 {LiveBook: 4 Games. next Be3 is good for White.} Be7 $2 {[%mdl 8192]} (7... Nc5 $11 8. Qe2 Nf6) 8. Qd5 $18 {[%csl Gc4][%cal Rd5f7] [#]} Nf8 $146 {White has a decisive advantage.} ({Predecessor:} 8... Nc5 9. Qxf7+ Kd7 10. b4 Na4 11. Bb3 b5 12. Qd5 Nb6 13. Nxe5+ Kc7 14. Qc6+ {1-0 (42) Tereso Martin,A (2033)-Camarero Izquierdo,J (1888) Madrid 2015}) 9. Qxf7+ Kd7 10. Qxg7 Ng6 11. Nc3 Nf6 12. Bg5 {[#] And now Bxf6 would win.} Kc6 13. Nd5 Nxd5 14. Bxd5+ ({Don't take} 14. exd5+ $6 Kb6 $18) 14... Kb6 15. Be3+ Kc7 16. Bg5 $2 (16. Nd2 $18) 16... Bd7 $2 (16... Kb6 $1 $11) 17. Bxe7 Qxe7 18. Qxe7 Nxe7 19. Bb3 Raf8 20. Nd2 Ng6 21. Nf1 Bc6 22. f3 h5 23. Ne3 h4 {Now ...h3 and Black clings on.} 24. O-O Rh5 25. Be6 Nf4 26. Bg4 Rg5 27. Rf2 b5 (27... d5 $142 28. exd5 Nxd5) 28. Rd1 Rf7 29. Rfd2 Rf6 30. g3 Ng6 31. Nd5+ Bxd5 32. Rxd5 Ne7 33. R5d3 Rg7 34. Kg2 Rh6 35. gxh4 {[%cal Bg3h4,Bh4h5][%mdl 32]} Ng6 {If only Black now had time for ...Nf4+....} 36. Rc3+ Kb7 37. h5 Nf4+ 38. Kh1 Rf7 39. Rd2 Rff6 40. a3 Rf8 41. Kg1 Rff6 (41... Rg8 $142 42. Kf1 Nxh5) 42. Rb3 Kc6 (42... Ka7 $142 43. c4 bxc4) 43. Rc3+ (43. c4 $142) 43... Kb7 $1 44. Rb3 $2 (44. Kf1) 44... Kc6 $1 45. c4 bxc4 46. Rb4 d5 47. exd5+ Kc5 48. Rc2 Kxd5 (48... c3 $142 49. Ra4 Kxd5 50. bxc3 Rd6 51. Rd2+ Kc5) 49. Rbxc4 {White is clearly winning.} Ne2+ 50. Kg2 ({Less strong is} 50. Rxe2 Kxc4 51. Rxe5 Kb3 $16) 50... Nd4 51. Rc5+ Kd6 52. R2c4 Rf4 53. Ra5 Rh8 54. Rxa6+ Kd5 55. Rca4 Rg8 56. R4a5+ Kc4 57. Rxe5 Rxf3 58. Rg6 Rff8 59. Be6+ Nxe6 60. Rexe6 Rh8 61. h6 Rf5 62. Re3 Rh7 63. h4 Kd4 64. Rf3 {Precision: White = 59%, Black = 39%.} 1-0

[Event "XIX Sant Marti Open 2017"]
[Site "Barcelona"]
[Date "2017.07.16"]
[Round "4"]
[White "Perez Mitjans, Orelvis"]
[Black "Iniyan, P."]
[Result "1-0"]
[WhiteElo "2407"]
[BlackElo "2380"]
[Annotator "ChessBase"]
[PlyCount "67"]
[EventDate "2017.??.??"]
[EventType "swiss"]
[EventCountry "ESP"]
[SourceTitle "playchess.com"]
[Source "ChessBase"]
[SourceQuality "1"]
[TimeControl "5400+30"]

1. e4 {[%emt 0:34:21]} e5 {[%emt 0:01:11]} 2. Nf3 {[%emt 0:00:23]} Nf6 {[%emt 0:00:05]} 3. Nc3 {[%emt 0:00:16]} Nc6 {[%emt 0:00:06]} 4. g3 {[%emt 0:00:20]} Bc5 {[%emt 0:00:13]} 5. Bg2 {[%emt 0:00:05]} d6 {[%emt 0:00:19]} 6. O-O {[%emt 0:00:27]} O-O {[%emt 0:00:06]} 7. d3 {[%emt 0:00:20]} a6 {[%emt 0:00:26]} 8. Be3 Bxe3 {[%emt 0:02:13]} 9. fxe3 {[%emt 0:00:55]} h6 {[%emt 0:01:04]} 10. Nh4 {[%emt 0:02:09]} g6 {[%emt 0:03:41]} 11. Nd5 Nxd5 {[%emt 0:03:51]} 12. exd5 {[%emt 0:14:20]} Ne7 {[%emt 0:00:16]} 13. e4 {[%emt 0:00:18]} c6 {[%emt 0:00:36]} 14. Qd2 g5 {[%emt 0:05:31]} 15. Nf3 {[%emt 0:06:13]} cxd5 {[%emt 0:00:06]} 16. Nxg5 {[%emt 0:09:19]} f5 {[%emt 0:44:43]} 17. Nh3 {[%emt 0:06:00]} Kg7 {[%emt 0:00:29]} 18. exd5 {[%emt 0:00:48]} Qb6+ {[%emt 0:01:52]} 19. d4 {[%emt 0:02:41]} f4 {[%emt 0:00:27]} 20. gxf4 {[%emt 0:05:03]} exd4 {[%emt 0:00:15]} 21. f5 {[%emt 0:02:09]} Bxf5 {[%emt 0:04:45]} 22. Nf4 {[%emt 0:00:13]} d3+ {[%emt 0:06:31]} 23. Kh1 {[%emt 0:00:07]} dxc2 {[%emt 0:00:07]} 24. Rae1 {[%emt 0:02:56]} Qc7 {[%emt 0:02:09]} 25. Be4 Kh7 {[%emt 0:08:38]} 26. Bxc2 {[%emt 0:08:13]} Rf7 {[%emt 0:02:20]} 27. Bxf5+ {[%emt 0:00:54]} Nxf5 {[%emt 0:01:57]} 28. Ne6 {[%emt 0:01:04]} Qc4 {[%emt 0:00:33]} 29. Rf4 {[%emt 0:00:13]} Qb5 {[%emt 0:00:05]} 30. Ref1 {[%emt 0:01:10]} Rg8 {[%emt 0:01:19]} 31. a4 {[%emt 0:00:59]} Qb6 {[%emt 0:00:04]} 32. Rxf5 {[%emt 0:01:03]} Rxf5 33. Qd3 Qe3 {[%emt 0:00:53]} 34. Qxf5+ {[%emt 0:00:03]} 1-0

[Event "XIX Sant Marti Open 2017"]
[Site "Barcelona"]
[Date "2017.07.16"]
[Round "4"]
[White "Grafl, Florian"]
[Black "Burmakin, Vladimir"]
[Result "0-1"]
[WhiteElo "2374"]
[BlackElo "2505"]
[Annotator "TA"]
[PlyCount "112"]
[EventDate "2017.??.??"]
[EventType "swiss"]
[EventCountry "ESP"]
[SourceTitle "playchess.com"]
[Source "ChessBase"]
[SourceQuality "1"]

{[%evp 9,112,-21,-15,-24,-23,-24,-20,-54,-57,-59,-50,-64,-57,-45,-31,-70,-6,-13,-21,-22,-16,-16,-16,-20,-12,-10,-19,-41,-36,-42,-34,-30,-32,-42,-42,-68,-75,-68,-68,-62,-69,-87,-60,-112,-107,-106,-103,-162,-143,-154,-148,-160,-68,-286,-195,-179,-143,-140,-135,-160,-158,-170,-166,-212,-195,-198,-210,-193,-199,-214,-212,-169,-136,-127,-129,-347,-264,-264,-275,-345,-362,-259,-274,-315,-308,-382,-382,-382,-367,-493,-407,-394,-394,-592,-573,-622,-620,-1815,-1815,-5600,-5421,-5497,-5497,-4937,-1195]} 1. b3 d5 2. Bb2 Bf5 3. e3 e6 4. h3 (4. Nf3 Nf6 5. Be2 h6 6. O-O Bd6 7. c4 O-O 8. Nc3 c6 9. d3 Qe7 10. a3 Nbd7 11. b4 Rad8 12. Qb3 a6 13. Rad1 Rfe8 14. Rfe1 {1-0 (58) Vachier Lagrave,M (2796)-So,W (2812) Leuven 2017}) 4... h6 5. Nc3 Nf6 $146 ({Predecessor:} 5... Bh7 6. d4 Nf6 7. Bd3 Bxd3 8. Qxd3 Nbd7 9. O-O-O Bb4 10. Nge2 O-O {1-0 (35) Jobava,B (2710)-Yu,Y (2677) Wijk aan Zee 2014}) 6. d4 {A01: Nimzowitsch-Larsen Opening} c5 7. dxc5 Bxc5 8. g4 {The position is equal.} Bg6 9. Bd3 Bxd3 10. Qxd3 Nc6 11. O-O-O Qe7 12. Kb1 O-O-O ({Black should play} 12... O-O $15) 13. Nge2 Kb8 14. Nd4 Nxd4 15. exd4 Bb4 16. f3 Rc8 17. Ne2 Rc6 $36 {[%mdl 2048] Black has some pressure.} 18. h4 Rhc8 19. g5 Ne8 ({Don't play} 19... Rxc2 $6 20. gxf6 Qxf6 21. h5 $16) 20. gxh6 gxh6 21. c3 Ba3 22. Qh7 Bxb2 23. Kxb2 Qf6 24. Qd3 Nd6 25. h5 a5 {[%cal Ba7a5,Ba5a4][%mdl 32]} 26. Rdg1 {[#]} (26. a4 $15) 26... a4 $1 $17 {[%mdl 512]} 27. Rg4 (27. bxa4 Ra6) 27... Qd8 28. Rhg1 (28. Rb1 $17) 28... axb3 $19 29. axb3 Ra6 30. Nc1 Ka7 (30... Qa5 $17 31. Rg8 Nb5 32. Rxc8+ Kxc8) 31. Kc2 $2 ({White must play} 31. Rg8 $1 $15 Qxg8 32. Rxg8 Rxg8 33. Qf1) 31... Qa5 32. Kd2 Nb5 33. Ne2 Qa2+ 34. Ke3 Nd6 35. Rb1 {[#]} Rac6 $1 {[%cal Rc6c3]} 36. Rgg1 Nf5+ 37. Kf4 {[#] aiming for Ra1.} Rxc3 $1 {[%mdl 512]} 38. Qxc3 Rxc3 39. Ra1 Rc2 40. Nc3 {[#]} Qxa1 $1 41. Rxa1+ {[%mdl 4096] Endgame KRN-KRN} Kb8 42. Nb5 $2 (42. Nxd5 $17 {was the only chance.} Nxd4 43. Nf6) 42... Rb2 43. Rg1 {[%cal Rg1g8]} Kc8 44. Ke5 Kd7 ({Weaker is} 44... Rxb3 45. Nd6+ Kd7 46. Nxf7 $19) 45. Rc1 Rxb3 46. Rc7+ Ke8 47. Rxb7 {Black must now prevent Nc7+.} Rxf3 48. Nc7+ Kf8 49. Ra7 Ng3 50. Kd6 Nxh5 51. Ra8+ (51. Nxe6+ {was necessary.} fxe6 52. Kxe6) 51... Kg7 {Black is clearly winning.} 52. Ke7 Ng3 53. Nxe6+ fxe6 54. Kxe6 Rf5 55. Ra7+ Kg6 56. Ra8 Rg5 {Precision: White = 51%, Black = 74%.} 0-1

[Event "XIX Sant Marti Open 2017"]
[Site "Barcelona"]
[Date "2017.07.16"]
[Round "4"]
[White "Tissir, Mohamed"]
[Black "Peralta, Fernando"]
[Result "1/2-1/2"]
[WhiteElo "2354"]
[BlackElo "2564"]
[Annotator "TA"]
[PlyCount "44"]
[EventDate "2017.??.??"]
[EventType "swiss"]
[EventCountry "ESP"]
[SourceTitle "playchess.com"]
[Source "ChessBase"]
[SourceQuality "1"]

{[%evp 16,44,16,0,29,24,23,25,35,20,26,11,19,8,20,28,22,6,14,9,18,14,10,0,2,0,56,64,58,56,65]} 1. e4 e6 2. d4 d5 3. Nd2 c5 4. exd5 Qxd5 5. dxc5 Nf6 (5... Bxc5 6. Ngf3 Nf6 7. Bc4 Qc6 8. O-O Nbd7 9. Qe2 a6 10. a4 b6 11. Nb3 Bb7 12. Nxc5 Nxc5 13. b4 Ncd7 14. Rd1 O-O 15. b5 {½-½ (31) Zherebukh,Y (2605)-So,W (2822) Saint Louis 2017}) 6. Ngf3 {C07: French Tarrasch: 3...c5, 4 Ngf3 and 4 exd5 Qxd5} Qxc5 7. Bd3 Be7 8. O-O Nbd7 9. a4 {[%cal Ba2a4,Ba4a5][%mdl 32] LiveBook: 4 Games} O-O 10. a5 Qc7 11. c3 $146 ({Predecessor:} 11. Nb3 Nd5 12. c3 N7f6 13. Re1 {1-0 (47) Tiviakov,S (2668)-Popilski,G (2493) Douglas 2014}) 11... Rd8 12. Qe2 Nd5 13. g3 Nc5 14. Bc2 Bd7 15. Re1 Be8 16. Ne5 f6 17. Nd3 Nxd3 18. Bxd3 e5 19. Be4 Rac8 20. Qf3 Bf7 (20... Qd6 $11) 21. Nf1 $14 g6 22. Rd1 $1 {[%cal Re4d5]} Qc5 {Precision: White = 82%, Black = 41%.} 1/2-1/2

[Event "XIX Sant Marti Open 2017"]
[Site "Barcelona"]
[Date "2017.07.16"]
[Round "4"]
[White "Perpinya Rofes, Lluis Maria"]
[Black "Rios, Cristhian Camilo"]
[Result "1/2-1/2"]
[WhiteElo "2352"]
[BlackElo "2477"]
[Annotator "TA"]
[PlyCount "86"]
[EventDate "2017.??.??"]
[EventType "swiss"]
[EventCountry "ESP"]
[SourceTitle "playchess.com"]
[Source "ChessBase"]
[SourceQuality "1"]

{[%evp 23,86,41,37,17,64,54,56,35,42,35,46,34,59,0,0,0,0,0,0,0,39,47,44,39,47,22,31,0,0,0,12,0,0,0,0,0,0,0,0,0,0,0,0,0,0,0,0,0,0,-17,-17,-10,-4,-19,-17,-17,-17,-17,-17,-17,0,0,0,0,0]} 1. e4 c5 2. Nf3 e6 3. d4 cxd4 4. Nxd4 a6 5. Nc3 Qc7 6. Be2 b5 7. O-O Bb7 8. Re1 Nc6 9. Nxc6 dxc6 10. e5 Rd8 11. Bd3 {B43: Sicilian: Kan Variation: 5 Nc3} Ne7 12. Qh5 c5 {LiveBook: 7 Games} 13. a4 $146 {White is slightly better.} ({Predecessor:} 13. Bg5 Rd7 14. Rad1 h6 15. Bh4 g6 16. Qe2 Bg7 17. a4 c4 18. Be4 Rxd1 19. Rxd1 {1-0 (75) Kotronias,V (2598)-Lazarev,V (2525) France 2004}) 13... c4 14. Be4 b4 15. Bxb7 Qxb7 16. Ne4 Nf5 $1 17. Bg5 Be7 18. Qf3 (18. Bxe7 $14 Qxe7 19. g4) 18... Qa7 $11 19. Bxe7 Qxe7 20. Rad1 {[#] And now Rxd8+ would win.} O-O 21. Qf4 Qb7 22. Nd6 Nxd6 23. exd6 Qc6 24. Re4 e5 $1 {[%cal Re5f4]} 25. Rxe5 {Hoping for Qd4.} Rxd6 {The position is equal.} 26. Rde1 Rd5 27. h3 Rxe5 28. Rxe5 Qxa4 29. Qxc4 {[%mdl 4096] Endgame KQR-KQR} Qa1+ 30. Kh2 Qxb2 31. Ra5 Qf6 32. f4 Ra8 33. Qxb4 h6 34. Qe4 Rc8 35. Re5 Qc6 36. Qf5 g6 37. Qd3 Qa4 ({But not} 37... Qxc2 $6 {[#]} 38. Re8+ $3 {[%mdl 512]} Kh7 39. Qd7 $16) 38. f5 (38. Re4 $5 {[%cal Re4a4]} Qc6 39. Re5 $11) 38... Qf4+ 39. Qg3 Qxg3+ 40. Kxg3 Rc3+ 41. Kh2 gxf5 42. Rxf5 Rxc2 43. Rf6 Kg7 {Precision: White = 61%, Black = 66%.} 1/2-1/2

[Event "XIX Sant Marti Open 2017"]
[Site "Barcelona"]
[Date "2017.07.16"]
[Round "4"]
[White "Arjun Kalyan"]
[Black "Henriquez Villagra, Cristobal"]
[Result "1/2-1/2"]
[WhiteElo "2347"]
[BlackElo "2532"]
[Annotator "TA"]
[PlyCount "81"]
[EventDate "2017.??.??"]
[EventType "swiss"]
[EventCountry "ESP"]
[SourceTitle "playchess.com"]
[Source "ChessBase"]
[SourceQuality "1"]

{[%evp 27,81,17,13,-10,0,0,0,-14,25,-21,-15,-29,-9,-61,-51,-56,-32,-40,-28,-38,-15,-37,-30,-29,-32,-26,-25,-33,-18,-21,-26,-24,0,0,0,0,0,-39,-38,-35,-39,-39,-40,-60,-56,-60,-66,-64,0,-6,0,-22,-25,-18,-16,-41]} 1. e4 c5 2. Nf3 Nc6 3. Nc3 g6 4. d4 cxd4 5. Nxd4 Bg7 6. Be3 Nf6 7. Bc4 O-O 8. Bb3 d6 9. h3 Bd7 10. O-O Qa5 11. f4 Nxd4 12. Bxd4 Bc6 13. Qd3 Rad8 14. f5 {B35: Sicilian: Accelerated Dragon with 5 Nc3: main line} Nd7 {LiveBook: 4 Games} 15. Kh1 $146 ({Predecessor:} 15. Bxg7 Kxg7 16. Rf4 Nc5 17. Qd4+ f6 18. Bd5 Qb6 19. Ne2 gxf5 20. Rxf5 e5 21. Qe3 Nxe4 22. Qxb6 axb6 {0-1 (32) Majdan,J (2364)-Kosintseva,N (2554) Rijeka 2010}) 15... Bxd4 16. Qxd4 Qc5 17. Qd2 Kg7 18. Rf2 Qe5 19. Bd5 Nf6 20. Qf4 (20. Rf3 $11) 20... Qxf4 21. Rxf4 Rc8 22. Re1 Nd7 23. Rf2 Rc7 24. Ref1 Ne5 25. f6+ exf6 26. Rxf6 Bxd5 27. exd5 Nc4 28. Nb5 Rd7 {Hoping for ...Nd2.} 29. R6f4 $1 {[%cal Rf4c4]} Ne5 30. b3 a6 31. Nd4 {Threatening Ne6+!} Re8 32. c4 Nd3 33. R4f3 Nc5 34. Kg1 Re4 35. Rf4 Rde7 36. Rxe4 Rxe4 37. Rd1 Nd7 ({Better is} 37... Re3 $15) 38. Kf2 $11 h5 39. Nf3 (39. Kf3 $5 {[%cal Rf3e4]} f5 40. Kf2 $11) 39... Nc5 40. Rd4 $1 Re7 41. Nd2 {Precision: White = 54%, Black = 67%.} 1/2-1/2

[Event "XIX Sant Marti Open 2017"]
[Site "Barcelona"]
[Date "2017.07.16"]
[Round "4"]
[White "Debarshi, Mukherjee"]
[Black "Fernandez, Fernando"]
[Result "0-1"]
[WhiteElo "2301"]
[BlackElo "2424"]
[Annotator "TA"]
[PlyCount "66"]
[EventDate "2017.??.??"]
[EventType "swiss"]
[EventCountry "ESP"]
[SourceTitle "playchess.com"]
[Source "ChessBase"]
[SourceQuality "1"]

1. d4 {Program Activation Required} Nf6 2. c4 e6 3. Nc3 Bb4 4. e3 O-O 5. Nge2 Re8 6. a3 Bf8 7. Ng3 d5 8. Be2 {E46: Nimzo-Indian: Rubinstein: 4 e3 0-0 5 Ne2 without early Bd3} b6 9. cxd5 exd5 10. b4 c6 11. O-O Ba6 $146 ({NOTEXT:} 11... g6 12. Bf3 h5 13. b5 a6 14. bxc6 Nxc6 15. h3 Ra7 16. a4 Rc7 17. Ba3 Bh6 18. Re1 Na5 {½-½ (18) Georgiev,K (2608)-Predojevic,B (2642) Kragujevac 2016}) 12. Bxa6 Nxa6 13. Qd3 Nc7 14. Bd2 h5 15. f3 Ne6 16. Rfd1 c5 17. dxc5 bxc5 18. Be1 d4 19. exd4 cxb4 20. axb4 Bxb4 21. d5 Nf4 22. Qd4 Bd6 23. Qd2 Be5 24. Ra4 Bxc3 25. Qxc3 N6xd5 26. Qa1 Qg5 27. Bd2 h4 28. Bxf4 Nxf4 29. Qc1 Rad8 30. Rf1 Rd2 31. Kh1 Nd3 32. Qc6 Nf2+ 33. Kg1 Qe3 0-1

[Event "XIX Sant Marti Open 2017"]
[Site "Barcelona"]
[Date "2017.07.16"]
[Round "4"]
[White "Yao, Lan"]
[Black "Himanshu, Sharma"]
[Result "1-0"]
[WhiteElo "2273"]
[BlackElo "2498"]
[Annotator "TA"]
[PlyCount "81"]
[EventDate "2017.??.??"]
[EventType "swiss"]
[EventCountry "ESP"]
[SourceTitle "playchess.com"]
[Source "ChessBase"]
[SourceQuality "1"]

{[%evp 9,81,12,6,6,6,8,15,16,17,20,32,28,39,29,45,41,42,27,45,41,62,47,46,46,46,46,73,69,82,81,105,71,81,76,86,57,127,79,82,91,122,103,132,137,149,110,469,472,443,473,469,458,464,466,446,442,426,291,279,279,279,256,303,295,631,363,571,450,1166,774,1435,1356,29981,29982]} 1. e4 g6 2. d4 Bg7 3. Nc3 c6 4. a4 d5 5. e5 Nh6 6. Nf3 {B06: Modern Defence} (6. h3 f6 7. Nf3 Nf7 8. exf6 Bxf6 9. Bf4 Nd7 10. Be2 O-O 11. h4 e5 12. dxe5 Ndxe5 13. Nxe5 Bxe5 14. Bxe5 Nxe5 {0-1 (58) Soumya,S (2303)-Rahman,Z (2511) Mumbai 2008}) 6... f6 7. Be2 $146 ({Predecessor:} 7. exf6 exf6 8. Bd3 O-O 9. O-O Bg4 10. h3 Bxf3 11. Qxf3 Nf7 12. Ne2 Nd7 13. c3 {1-0 (68) Zernyshkin,V (2159)-Kozel,R (2399) Ilichevsk 2007}) 7... Bg4 8. exf6 {The position is equal.} exf6 9. h3 Be6 10. a5 O-O 11. O-O Qc7 12. Na4 {Nb6! is the strong threat.} Nd7 13. Nc5 Bf7 14. Bd3 a6 15. Be3 Nxc5 16. dxc5 Qd7 17. Nd4 Kh8 18. Re1 Rfe8 19. c3 Ng8 20. Qc2 Re7 21. Bf4 Rae8 22. Qd2 Bf8 (22... f5 $14) 23. Rxe7 Bxe7 24. b4 Kg7 25. Re1 Bd8 26. Rxe8 Qxe8 27. Qe2 Kf8 $2 {[%mdl 8192]} (27... Qxe2 $16 28. Bxe2 (28. Nxe2 f5 $14) 28... Ne7) 28. Bd6+ $18 Be7 {[#]} 29. Bxa6 $1 Bxd6 30. Qxe8+ ({Less strong is} 30. cxd6 bxa6 31. Qxa6 Qe1+ 32. Kh2 Qd2 $16) 30... Bxe8 31. Bxb7 Bb8 {Black wants to play ...Ne7.} 32. Bxc6 Ne7 33. Bb7 Nf5 34. Nxf5 ({But not} 34. Bxd5 $6 Nxd4 35. cxd4 Bb5 $16) 34... gxf5 35. Bxd5 Ke7 36. c4 Ba7 $2 {[#]} (36... Bd7 37. Kf1 Bc8) 37. Kf1 Kd8 (37... f4 {is a better defense.} 38. Ke2 Bg6) 38. Ke2 Bg6 (38... h5 $142 39. Ke3 Bd7) 39. f4 Kc8 40. Ke3 Bb8 41. b5 {Precision: White = 65%, Black = 24%.} 1-0